[Event "Treviso op-C 4th"]
[Site "Treviso"]
[Date "2023.03.31"]
[Round "1"]
[White "Dotto, Denis"]
[Black "Zanatta, Domenico"]
[Result "0-1"]
[WhiteElo "999"]
[BlackElo "1182"]
[PlyCount "76"]
[EventDate "2023.03.31"]
[EventType "swiss"]
[EventRounds "5"]
[EventCountry "ITA"]
[SourceTitle "EXT 2024"]
[Source "ChessBase"]
[SourceDate "2023.10.10"]
[SourceVersion "1"]
[SourceVersionDate "2023.10.10"]
[SourceQuality "1"]

1. e4 e5 2. Nf3 Nc6 3. d4 exd4 4. Nxd4 Qh4 5. Nc3 Bb4 6. Nxc6 bxc6 7. Qf3 Nf6 8. Bd3 0-0 9. 0-0 Be7 10. Bf4 d6 11. Bg3 Qg4 12. Qxg4 Bxg4 13. f3 Be6 14. e5 Nh5 15. exd6 cxd6 16. Bf2 d5 17. Ne2 c5 18. Ng3 Nf4 19. Bf5 Rab8 20. Rab1 d4 21. Bxe6 fxe6 22. Rfe1 Bf6 23. Ne2 Ng6 24. Bg3 e5 25. Kh1 Bg5 26. Ng1 Be3 27. Red1 Rb6 28. c3 Nf4 29. cxd4 exd4 30. b3 Nd5 31. Be1 Rff6 32. Bd2 Rg6 33. Ba5 Rb8 34. a3 Nf4 35. Rb2 c4 36. Bc7 Nd3 37. Rc2 Rxb3 38. Rxc4 Nf2# 0-1

[Event "Mogliano Veneto op 42nd"]
[Site "Mogliano Veneto"]
[Date "2021.04.24"]
[Round "2"]
[White "Zanatta, Domenico"]
[Black "Persano, Marco"]
[Result "1-0"]
[WhiteElo "1253"]
[BlackElo "999"]
[PlyCount "55"]
[EventDate "2021.04.23"]
[EventType "swiss"]
[EventRounds "5"]
[EventCountry "ITA"]
[SourceTitle "EXT 2023"]
[Source "ChessBase"]
[SourceDate "2022.10.05"]
[SourceVersion "1"]
[SourceVersionDate "2022.10.05"]
[SourceQuality "1"]

1. e4 e5 2. Nf3 Nc6 3. Bc4 d6 4. d3 Nh6 5. Be3 Bg4 6. c3 Na5 7. Nbd2 c6 8. d4 Nxc4 9. Nxc4 d5 10. exd5 Qxd5 11. Ncxe5 Bd6 12. Bxh6 gxh6 13. Nxg4 Be7 14. 0-0 0-0-0 15. Nxh6 Qh5 16. Qd2 c5 17. Rae1 Bf8 18. Ng4 Qxg4 19. Ne5 Qh5 20. Qf4 Bd6 21. dxc5 Bxe5 22. Rxe5 Rd1 23. Rxh5 Rhd8 24. Qg4+ Kc7 25. Rxd1 Re8 26. h3 Ra8 27. Qd7+ Kb8 28. Qd8# 1-0

[Event "Mestre Sheraton op-B 1st"]
[Site "Mestre"]
[Date "2021.02.27"]
[Round "2"]
[White "Paparella, Nicole Samantha"]
[Black "Zanatta, Domenico"]
[Result "1/2-1/2"]
[WhiteElo "1685"]
[BlackElo "999"]
[PlyCount "26"]
[EventDate "2021.02.26"]
[EventType "swiss"]
[EventRounds "5"]
[EventCountry "ITA"]
[SourceTitle "EXT 2023"]
[Source "ChessBase"]
[SourceDate "2022.10.05"]
[SourceVersion "1"]
[SourceVersionDate "2022.10.05"]
[SourceQuality "1"]

1. e4 e5 2. Nf3 Nc6 3. Bc4 Nf6 4. Ng5 d5 5. exd5 Nd4 6. d6 Qxd6 7. d3 Be6 8. Nxe6 fxe6 9. Nc3 Qc6 10. f3 Bc5 11. Ne4 Nxe4 12. fxe4 0-0 13. c3 Nf5 1/2-1/2

[Event "Mestre Sheraton op-B 1st"]
[Site "Mestre"]
[Date "2021.02.27"]
[Round "3"]
[White "Zanatta, Domenico"]
[Black "Battagin, Mose"]
[Result "0-1"]
[WhiteElo "999"]
[BlackElo "1825"]
[PlyCount "80"]
[EventDate "2021.02.26"]
[EventType "swiss"]
[EventRounds "5"]
[EventCountry "ITA"]
[SourceTitle "EXT 2023"]
[Source "ChessBase"]
[SourceDate "2022.10.05"]
[SourceVersion "1"]
[SourceVersionDate "2022.10.05"]
[SourceQuality "1"]

1. e4 d6 2. Nf3 Nf6 3. Nc3 e5 4. Bc4 Be7 5. d4 Nbd7 6. Bxf7+ Kxf7 7. Ng5+ Kg8 8. Ne6 Qe8 9. Nxc7 Qg6 10. Qf3 Rb8 11. dxe5 Nxe5 12. Qf4 Qxg2 13. Rf1 Nf3+ 14. Ke2 Nxh2 15. Be3 Qg4+ 16. f3 Qxf4 17. Bxf4 Nxf1 18. Rxf1 Bd7 19. e5 dxe5 20. Bxe5 Rc8 21. Rg1 Kf7 22. N3d5 Rhg8 23. Nf4 Bd8 24. Ncd5 Nxd5 25. Nxd5 Rxc2+ 26. Ke3 Bb6+ 27. Nxb6 axb6 28. Rd1 Bc6 29. f4 Re8 30. Kd3 Rc5 31. Rg1 Rcxe5 32. fxe5 Rxe5 33. Rg4 Re6 34. a4 Rd6+ 35. Kc3 h5 36. Rb4 g5 37. b3 g4 38. Rxb6 g3 39. Rb4 g2 40. Rf4+ Rf6 0-1